000
00243nam a22001097a 4500
100
_a
Pariwallee,Bejan
245
_a
Your Compelete fore cast 2015 horoscope
250
_a
2014
260
_b
Ranvir Books Pub.
300
_a
526
942
_2
ddc
_c
BK
999
_c
12801
_d
12801